Derecho informático (Record no. 98717)

MARC details
000 -LEADER
fixed length control field 00668nam a22002057a 4500
005 - DATE AND TIME OF LATEST TRANSACTION
control field 20200207122054.0
008 - FIXED-LENGTH DATA ELEMENTS--GENERAL INFORMATION
fixed length control field 150819b mx||||| |||| 00| 0 spa d
020 ## - INTERNATIONAL STANDARD BOOK NUMBER
International Standard Book Number 9683619282
050 04 - LIBRARY OF CONGRESS CALL NUMBER
Classification number K564.C6
Item number T45 1991
100 1# - MAIN ENTRY--PERSONAL NAME
Personal name Téllez Valdés, Julio
Relator term autor
245 10 - TITLE STATEMENT
Title Derecho informático
Statement of responsibility, etc / Julio Téllez Valdés.
250 ## - EDITION STATEMENT
Edition statement 1a ed.
260 ## - PUBLICATION, DISTRIBUTION, ETC. (IMPRINT)
Place of publication, distribution, etc México :
Name of publisher, distributor, etc Universidad Nacional Autónoma de México,
Date of publication, distribution, etc 1991
300 ## - PHYSICAL DESCRIPTION
Extent 98 p. ;
Dimensions 23 cm.
490 0# - SERIES STATEMENT
Series statement A: Fuentes, b) textos y estudios legislativos,
Volume number/sequential designation 75
650 #7 - SUBJECT ADDED ENTRY--TOPICAL TERM
Source of heading or term lemb
Topical term or geographic name as entry element Computadoras
General subdivision Legislación
Geographic subdivision México
650 #4 - SUBJECT ADDED ENTRY--TOPICAL TERM
Topical term or geographic name as entry element Internet
General subdivision Legislación
Geographic subdivision México
942 ## - ADDED ENTRY ELEMENTS (KOHA)
Source of classification or shelving scheme Biblioteca del Cogreso de los Estados Unidos
Koha item type Libro
Holdings
Estado de pérdida Fuente de clasificación Estado del daño No para préstamo Ubicación permanente Ubicación actual Apartado o colección Fecha de adquisición Edición Dependencia de educación superior (DES) Área del conocimiento Total Checkouts Clasificación Código de Barras Date last seen Date checked out Número de copia Costo por reposición Tipo de recurso
  Biblioteca del Cogreso de los Estados Unidos     Biblioteca de la Facultad de Derecho y Ciencias Sociales "Felipe J. Tena" Biblioteca de la Facultad de Derecho y Ciencias Sociales "Felipe J. Tena" General 19/08/2015 1a ed. Derecho Ciencias Sociales y Administrativas 1 K564.C6 T45 1991 BFD000006802 06/06/2024 06/06/2024 1 1.00 Libro
  Biblioteca del Cogreso de los Estados Unidos     Biblioteca de la Facultad de Derecho y Ciencias Sociales "Felipe J. Tena" Biblioteca de la Facultad de Derecho y Ciencias Sociales "Felipe J. Tena" General 19/08/2015 1a ed. Derecho Ciencias Sociales y Administrativas   K564.C6 T45 1991 BFD000006803 19/08/2015   2 1.00 Libro
  Biblioteca del Cogreso de los Estados Unidos     Biblioteca de la Facultad de Derecho y Ciencias Sociales "Felipe J. Tena" Biblioteca de la Facultad de Derecho y Ciencias Sociales "Felipe J. Tena" General 19/08/2015 1a ed. Derecho Ciencias Sociales y Administrativas   K564.C6 T45 1991 BFD000006804 19/08/2015   3 1.00 Libro